Windows 98 MCSE study guide / (Record no. 179670)
[ view plain ]
| 000 -LEADER | |
|---|---|
| fixed length control field | 01219 a2200265 4500 |
| 003 - CONTROL NUMBER IDENTIFIER | |
| control field | Nust |
| 005 - DATE AND TIME OF LATEST TRANSACTION | |
| control field | 20221012145946.0 |
| 010 ## - LIBRARY OF CONGRESS CONTROL NUMBER | |
| LC control number | 97078220 |
| 020 ## - INTERNATIONAL STANDARD BOOK NUMBER | |
| International Standard Book Number | 0764531131 |
| 035 ## - SYSTEM CONTROL NUMBER | |
| System control number | (OCoLC)39776091 |
| 040 ## - CATALOGING SOURCE | |
| Transcribing agency | Nust |
| 082 00 - DEWEY DECIMAL CLASSIFICATION NUMBER | |
| Classification number | 005.4469,LEW |
| 100 1# - MAIN ENTRY--PERSONAL NAME | |
| Personal name | Lewis, Morris. |
| 9 (RLIN) | 100050 |
| 245 10 - TITLE STATEMENT | |
| Title | Windows 98 MCSE study guide / |
| Statement of responsibility, etc. | Morris Lewis and Mark B. Cooper. |
| 260 ## - PUBLICATION, DISTRIBUTION, ETC. | |
| Place of publication, distribution, etc. | Foster City, CA : |
| Name of publisher, distributor, etc. | IDG Books Worldwide, |
| Date of publication, distribution, etc. | c1998. |
| 300 ## - PHYSICAL DESCRIPTION | |
| Extent | xxxii, 762 p. : |
| Other physical details | ill. ; |
| Dimensions | 25 cm. + 1 computer laser optical disc (4 3/4 in.) |
| 505 ## - FORMATTED CONTENTS NOTE | |
| Formatted contents note | PART-1: Windows 98 Architecture (Page-1), PART-2:Windows 98 Architecture (Page-159), PART-3: Windows 98 Architecture (Page-367), Part-4: Resources (Page-599). |
| 650 #0 - SUBJECT ADDED ENTRY--TOPICAL TERM | |
| Topical term or geographic name entry element | Electronic data processing personnel |
| General subdivision | Certification. |
| 9 (RLIN) | 81704 |
| 650 #0 - SUBJECT ADDED ENTRY--TOPICAL TERM | |
| Topical term or geographic name entry element | Microsoft software |
| General subdivision | Examinations |
| -- | Study guides. |
| 9 (RLIN) | 94861 |
| 700 1# - ADDED ENTRY--PERSONAL NAME | |
| Personal name | Cooper, Mark B. |
| 9 (RLIN) | 100051 |
| 856 42 - ELECTRONIC LOCATION AND ACCESS | |
| Materials specified | Contributor biographical information |
| Uniform Resource Identifier | <a href="http://www.loc.gov/catdir/enhancements/fy0705/97078220-b.html">http://www.loc.gov/catdir/enhancements/fy0705/97078220-b.html</a> |
| 856 42 - ELECTRONIC LOCATION AND ACCESS | |
| Materials specified | Publisher description |
| Uniform Resource Identifier | <a href="http://www.loc.gov/catdir/description/wiley038/97078220.html">http://www.loc.gov/catdir/description/wiley038/97078220.html</a> |
| 856 42 - ELECTRONIC LOCATION AND ACCESS | |
| Materials specified | Table of contents |
| Uniform Resource Identifier | <a href="http://www.loc.gov/catdir/toc/wiley023/97078220.html">http://www.loc.gov/catdir/toc/wiley023/97078220.html</a> |
| 942 ## - ADDED ENTRY ELEMENTS (KOHA) | |
| Source of classification or shelving scheme | |
| Koha item type | Book |
| Call number prefix | 005.4469,LEW |
| Withdrawn status | Lost status | Source of classification or shelving scheme | Damaged status | Not for loan | Permanent Location | Current Location | Shelving location | Date acquired | Full call number | Barcode | Date last seen | Price effective from | Koha item type | Public note |
|---|---|---|---|---|---|---|---|---|---|---|---|---|---|---|
| Military College of Signals (MCS) | Military College of Signals (MCS) | General Stacks | 12/12/2016 | 005.4469,LEW | MCS27166 | 12/08/2016 | 12/12/2016 | Book | Almirah No.6, Shelf No.4 |
